Responses for Show #4748 - Wednesday, April 6, 2005

2005 Ultimate Tournament of Champions Round 1, game 41.

(Cheryl: We'll find out how New York's finest got and stay that way. Clues from the NYPD, next on Jeopardy!)

Contestants

[<< previous game]

Paul Gutowski, an alcohol and drug counselor from Rockford, Illinois

Mark Born, a musician, writer and teacher from Bangkok, Thailand

Dave Abbott, a musician and licensing executive from Fort Thomas, Kentucky

[next game >>]

Jeopardy! Round responses

NYPD
CELEBRITY SIBLINGS
CITIES BY LANDMARK
GARDENS
HOT "ROD"s
ADD A LETTER
(Alex: Each correct response will be a single letter of the alphabet that you would add to one of the words in the clue.)
    $200 1
France

Mark
    $200 2
the Fondas

Paul
    $200 15
Memphis

Dave
    $200 26
a maze

Dave
    $200 11
(Dave: Who is Rod Steiger?)
...
(Alex: I bet you Dave just mispoke on that one. Paul, go back to you.)
(Paul: No, I was going to say Steiger too.)

Rod Serling

DavePaul
    $200 25
R (trowel)

Paul
    $400 5
a HAZMAT suit

Dave
    $400 3
Roberts

Mark
    $400 16
Seattle

Dave
    $400 27
Babylon

Paul
    $400 13
Rodney King

Paul
    $400 22
A (lambada)

Dave
    $600 6
the Vespa

Paul
    $600 4
Affleck

Dave
    $600 17
Detroit

Dave
    $600 28
Colombo

Mark
    $600 12
a lightning rod

Dave
    $600 21
(Mark: What is a flambé?)
...
(Alex: We're going for the letter. Remember, we pointed that out at the beginning.)

B (flambé)

DaveMark
    $800 7
"faithful to the death"

Mark
    $800 9
(Dave: Who's Osmond?)

the Wahlbergs

DavePaul
    $800 18
New Orleans

Dave
    $1,000 29
(Alex: Mark, you've been struggling with that signaling device, but on this clue you're all on your own and you can risk up to $1,000.)
...
(Mark: What are legal conflicts?)

the Wars of the Roses

Mark
    $800 14
Rod McKuen

Dave
    $800 23
H (chafe)

Dave
    $1000 8
(Mark: What is Lockheed?)
...
(Alex: Looks like the robot was trying to grab her there, didn't it?)
[Laughter]

Northrop

DaveMark
    $1000 10
Richardson

Paul
    $1000 19
Atlanta

Paul
    $1000 30
Cypress Gardens

Dave
    $1000 20
(Dave: Who's Rodney Usher?)
...
(Alex: You had the right idea, Dave, but it's [*], not Rodney, Usher. The Fall of the House of Usher.)

Roderick Usher

Dave
Triple Stumper
    $1000 24
L (Gigli)

Dave

Scores at the first commercial break (after clue 13):

Dave Mark Paul
$1,600 $400 $3,200

Scores at the end of the Jeopardy! Round:

Dave Mark Paul
$7,400 -$600 $4,800

Double Jeopardy! Round responses

SHAKESPEREAN WORDPLAY
THE MERCHANT OF TENNIS
AS YOU "IKE" IT
THE COMEDY OF ERAS
(Alex: Name the comedian that we will quote.)
McHENRY THE FORT, PART I
ALL'S WHALE THAT ENDS WHALE
    $400 1
Hamlet

Paul
    $400 2
head

Triple Stumper
    $400 3
a dike

Dave
    $400 23
Steve Martin

Dave
    $400 22
Baltimore

Dave
    $400 10
Alaska

Dave
    $800 4
(Alex: His own name was William... "Hast thy [*].")

will

Triple Stumper
    $800 14
Dunlop

Paul
    $800 24
the Klondike

Dave
    $800 7
(Jeff) Foxworthy

Paul
    $800 21
a prison

Dave
    $800 9
[Alex suppresses giggles while reading clue]

UPS

Triple Stumper
    $1200 5
grave

Dave
    $1200 27
the strings

Dave
    $1200 15
likelihood

Paul
    $1200 17
(Eddie) Murphy

Paul
    $1,200 8
(Paul: [Deliberating after being awarded the correct response] St. Helena... Elba... Helena...)

St. Helena

Paul
    $1200 11
the blue whale

Dave
    $1600 6
sun of York

Paul
    $1600 28
Stan Smith

Dave
    $1600 25
a turnpike

Dave
    $1600 16
(Alex: And [*], probably because of his nose, made that comment.)

Bob Hope

Triple Stumper
    $1600 19
Orpheus

Dave
    $1,800 12
(Alex: You have an $1,800 lead over Paul.)
...
(Alex: The other is [*].)
(Dave: [In unison] [*].)
(Alex: You knew that, didn't you?)

a pod (or a gam)

Dave
    $2000 30
Two Gentlemen of Verona

Mark
    $2000 29
Wilson

Triple Stumper
    $2000 26
a shrike

Dave
    $2000 18
(Yakov) Smirnoff

Paul
    $2000 20
(Mark: What is "To Anacreon in Heaven"?)

"The Defense of Fort McHenry"

Mark
Triple Stumper
    $2000 13
a baleen whale

Mark

Scores at the end of the Double Jeopardy! Round:

Dave Mark Paul
$22,800 $1,400 $14,000

[wagering suggestions for these scores]

Final Jeopardy! Round responses

FAMOUS PLACES
(Alex: [To Mark] Albion, alba, albino. Yes, you are right.)
...
[After all responses are revealed, Paul whoops, lifts himself up by his hands on the lectern, hugs Sock Monkey and looks very relieved.]
MarkWhat are the white cliffs of Dover
$1,399
PaulWhat is Cliffs Cliffs of Dover
$8,802
DaveWhat is Stonehenge?
$5,201
the White Cliffs of Dover

Final scores:

Dave Mark Paul
$17,599 $2,799 $22,802
2nd place: $5,000 3rd place: $5,000 Winner: $22,802 + an advance to UToC Round 2

Game dynamics:

Coryat scores:

Dave Mark Paul
$22,600 $2,400 $14,000
29 R
(including 1 DD),
3 W
6 R,
4 W
(including 1 DD)
17 R
(including 1 DD),
0 W

Combined Coryat: $39,000

[game clues] [game scores] [suggest correction]

Game tape date: 2005-03-08
The J! Archive is created by fans, for fans. Scraping, republication, monetization, and malicious use prohibited; this site may use cookies and collect identifying information. See terms. The Jeopardy! game show and all elements thereof, including but not limited to copyright and trademark thereto, are the property of Jeopardy Productions, Inc. and are protected under law. This website is not affiliated with, sponsored by, or operated by Jeopardy Productions, Inc. Join the discussion at JBoard.tv.